000 00308nam a22001337a 4500
008 170911b xxu||||| |||| 00| 0 eng d
020 _a9780073377018
041 _aeng
080 _a52
100 _a42
101 _aAST
245 _aMANAGEMENT A REAL WORLD APPROACH
_cGHILLYER.A.W
942 _2udc
_cBK
999 _c27055
_d27055